[Event "Titled Tue 1st Jul Early"]
[Site "chess.com INT"]
[Date "2025.07.01"]
[Round "6"]
[White "Beyer, Lorenz"]
[Black "Andreev, Konstantin"]
[Result "0-1"]
[WhiteTitle "CM"]
[BlackTitle "FM"]
[WhiteElo "2192"]
[BlackElo "2208"]
[WhiteFideId "16245393"]
[BlackFideId "24239305"]
[EventDate "2025.07.01"]

1. d4 Nf6 2. Bf4 d5 3. Nf3 Bf5 4. e3 c5 5. c3 Qb6 6. Qb3 c4 7. Qxb6 axb6 8. Nbd2
b5 9. Nh4 Bd7 10. Be2 h6 11. Be5 g5 12. Nhf3 Bf5 13. O-O Nbd7 14. a3 Nxe5 15.
Nxe5 Bg7 16. g4 Bh7 17. f4 Nd7 18. Nxd7 Kxd7 19. fxg5 hxg5 20. Rxf7 Bf6 21. Rf1
Ke6 22. Rxh7 Rxh7 23. e4 Rah8 24. Rf2 Rh3 25. exd5+ Kxd5 26. Bf3+ Ke6 27. Bxb7
Re3 28. Ne4 Rh4 29. Nc5+ Kd6 30. Bf3 e5 31. Ne4+ Ke7 32. d5 Bg7 33. Nxg5 Rd3 34.
Kg2 Bh6 35. Ne4 Be3 36. Re2 Bf4 37. Ng3 Rxh2+ 38. Kxh2 Rxf3 39. Rg2 e4 40. Kh3
e3 41. Kh4 Bxg3+ 42. Rxg3 e2 43. Rxf3 e1=Q+ 44. Rg3 Qh1+ 45. Rh3 Qxd5 46. g5
Qe4+ 47. Kh5 Kf7 48. Rg3 Qe2+ 49. Kh4 Qxb2 50. Rf3+ Kg7 51. Rf5 Qxc3 52. Rxb5
Qd4+ 53. Kh5 Qd1+ 54. Kh4 Qh1+ 55. Kg4 Qe4+ 56. Kh5 Qe8+ 0-1

[Event "Titled Tue 1st Jul Early"]
[Site "chess.com INT"]
[Date "2025.07.01"]
[Round "6"]
[White "Boramanikar, Tanisha S"]
[Black "Brenke, Andreas"]
[Result "0-1"]
[WhiteTitle "WCM"]
[BlackTitle "FM"]
[WhiteElo "1743"]
[BlackElo "2349"]
[WhiteFideId "35023454"]
[BlackFideId "4602900"]
[EventDate "2025.07.01"]

1. e4 c6 2. d4 d5 3. e5 c5 4. dxc5 e6 5. b4 a5 6. c3 axb4 7. cxb4 b6 8. Bb5+ Bd7
9. Bxd7+ Qxd7 10. Be3 Qc7 11. Nf3 bxc5 12. bxc5 Nd7 13. Bd4 Bxc5 14. O-O Ne7 15.
Qc2 O-O 16. Rc1 Rfc8 17. Ng5 Ng6 18. Nd2 Bxd4 19. Qxc7 Rxc7 20. Rxc7 Bxa1 21.
Rxd7 Nxe5 22. f4 h6 23. fxe5 hxg5 24. Nf3 f6 25. Re7 Ra6 26. a4 g4 0-1

[Event "Titled Tue 1st Jul Early"]
[Site "chess.com INT"]
[Date "2025.07.01"]
[Round "6"]
[White "Hrabinska, Myroslava"]
[Black "Emeliantsev, Anatoliy"]
[Result "0-1"]
[WhiteTitle "WGM"]
[BlackTitle "FM"]
[WhiteElo "2121"]
[BlackElo "2359"]
[WhiteFideId "14109190"]
[BlackFideId "4160681"]
[EventDate "2025.07.01"]

1. e4 c5 2. b4 cxb4 3. a3 e5 4. Nf3 Nc6 5. Bc4 bxa3 6. c3 d6 7. Qb3 Nh6 8. d3
Na5 9. Bb5+ Bd7 10. Bxd7+ Qxd7 11. Qxa3 Nc6 12. Bxh6 d5 13. Qb3 dxe4 14. dxe4
gxh6 15. O-O Rg8 16. g3 O-O-O 17. Na3 Bxa3 18. Qxa3 Qd3 19. Nxe5 Nxe5 20. Qxa7
Nf3+ 21. Kg2 Qxe4 22. Qc5+ Kd7 23. Rad1+ Ke6 24. Qb6+ Ke7 25. Qc7+ Kf6 26. Rd6+
Rxd6 27. Qxd6+ Kg7 28. Rd1 Nh4+ 0-1

[Event "Titled Tue 1st Jul Early"]
[Site "chess.com INT"]
[Date "2025.07.01"]
[Round "6"]
[White "Garv, Gaur"]
[Black "Kozionov, Kirill"]
[Result "1-0"]
[WhiteTitle "FM"]
[BlackTitle "IM"]
[WhiteElo "2363"]
[BlackElo "2442"]
[WhiteFideId "45030839"]
[BlackFideId "24101729"]
[EventDate "2025.07.01"]

1. d4 Nf6 2. c4 c5 3. d5 e6 4. Nc3 exd5 5. cxd5 g6 6. Nf3 Bg7 7. Bf4 O-O 8. e3
d6 9. h3 Na6 10. Nd2 Nc7 11. a4 a6 12. Nc4 Nfe8 13. a5 Nb5 14. Nxb5 axb5 15. Nb6
b4 16. Nxa8 Bxb2 17. Bc4 Bc3+ 18. Kf1 Nf6 19. Ra2 Ne4 20. Nb6 Bf5 21. f3 Nf6 22.
e4 Bxe4 23. fxe4 Nxe4 24. Qf3 f5 25. h4 Qf6 26. Qd3 Bd4 27. g3 Kg7 28. Nd7 Qe7
29. Nxf8 Qxf8 30. Kg2 h6 31. Re2 g5 32. hxg5 hxg5 33. Rxe4 fxe4 34. Qxe4 gxf4
35. Rh7+ Kg8 36. Qg6+ Bg7 37. Rxg7+ Qxg7 38. Qxg7+ Kxg7 39. gxf4 Kf6 40. Kg3 Kf5
41. Kf3 Kf6 42. Kg4 Kg6 43. f5+ Kf6 44. Kf4 Kf7 45. Kg5 Kg7 46. f6+ Kf7 47. Kf5
b5 48. axb6 b3 49. Bxb3 c4 50. Bxc4 Kf8 51. Ke6 Ke8 52. b7 Kd8 53. b8=Q# 1-0

[Event "Titled Tue 1st Jul Early"]
[Site "chess.com INT"]
[Date "2025.07.01"]
[Round "6"]
[White "Habans Aguerrea, Javier"]
[Black "Tari, Aryan"]
[Result "1-0"]
[WhiteTitle "IM"]
[BlackTitle "GM"]
[WhiteElo "2448"]
[BlackElo "2636"]
[WhiteFideId "24524689"]
[BlackFideId "1510045"]
[EventDate "2025.07.01"]

1. d4 d5 2. c4 e6 3. Nc3 c5 4. cxd5 cxd4 5. Qa4+ Bd7 6. Qxd4 exd5 7. Qxd5 Nf6 8.
Qd1 Bc5 9. Nf3 O-O 10. a3 Qe7 11. Bg5 Bc6 12. e3 Nbd7 13. Be2 h6 14. Bh4 Rad8
15. Qc2 Ne5 16. Nxe5 Qxe5 17. O-O Ne4 18. Bxd8 Rxd8 19. Nxe4 Bxe4 20. Qc3 Qg5
21. f3 Rd2 22. Rae1 Bxe3+ 23. Kh1 Bc6 24. b4 Bd4 25. Qc4 h5 26. Rd1 Rxd1 27.
Rxd1 Be5 28. b5 Be8 29. Qe4 f6 30. f4 Qxf4 31. Qxf4 Bxf4 32. Rd8 Kf7 33. Bxh5+
g6 34. Bxg6+ Kxg6 35. Rxe8 1-0

[Event "Titled Tue 1st Jul Early"]
[Site "chess.com INT"]
[Date "2025.07.01"]
[Round "6"]
[White "Aakash, G"]
[Black "Mourao, Igor A.C.Lofredo"]
[Result "1/2-1/2"]
[WhiteTitle "FM"]
[WhiteElo "2126"]
[BlackElo "2177"]
[WhiteFideId "25644394"]
[BlackFideId "2102544"]
[EventDate "2025.07.01"]

1. d4 d5 2. c4 dxc4 3. Nf3 Nf6 4. e3 e6 5. Bxc4 a6 6. Bb3 c5 7. O-O Nc6 8. Nc3
Be7 9. Qe2 cxd4 10. exd4 Nxd4 11. Nxd4 Qxd4 12. Rd1 Qg4 13. f3 Qh5 14. Be3 O-O
15. Rd3 Bd7 16. Rad1 Bc6 17. Qf2 Rfd8 18. Bb6 Rxd3 19. Rxd3 Rc8 20. h3 h6 21.
Kh1 Nd5 22. Bxd5 Bxd5 23. Nxd5 exd5 24. Qd2 Qg6 25. Be3 Bf6 26. b3 d4 27. Bxd4
Bxd4 28. Rxd4 Rc2 29. Rd8+ Kh7 30. Qd3 Rxg2 31. Qxg6+ Rxg6 32. Rd7 Rf6 33. Kg2
b5 34. Kg3 g5 35. Kg4 Kg6 36. Rd8 Rf4+ 37. Kg3 Rf6 38. Kg4 Rc6 39. h4 f5+ 40.
Kg3 Kh5 41. hxg5 hxg5 42. Rg8 f4+ 43. Kh3 Rc3 44. Rh8+ Kg6 45. Kg4 Rc2 46. Rg8+
Kf6 47. Rf8+ Kg6 48. Rg8+ Kf6 49. Rf8+ Kg6 50. Rg8+ 1/2-1/2

[Event "Titled Tue 1st Jul Early"]
[Site "chess.com INT"]
[Date "2025.07.01"]
[Round "6"]
[White "Bilochenko, Matvii"]
[Black "Garg, Priyansh"]
[Result "1-0"]
[WhiteTitle "CM"]
[WhiteElo "2005"]
[BlackElo "2095"]
[WhiteFideId "41834062"]
[BlackFideId "30984696"]
[EventDate "2025.07.01"]

1. b3 c5 2. Bb2 d6 3. e3 Nc6 4. c4 Nf6 5. Bxf6 gxf6 6. Nc3 Rg8 7. d4 a6 8. Nf3
Bg4 9. Be2 Bh6 10. d5 Ne5 11. Nxe5 Bxe2 12. Qxe2 fxe5 13. Qh5 Qa5 14. Rc1 Rg6
15. O-O O-O-O 16. Qf5+ Kb8 17. Qxf7 Rdg8 18. g3 Qd8 19. Qf3 Rf8 20. Qe2 Qd7 21.
Kg2 Bg7 22. a3 h5 23. h4 Rg4 24. e4 Bh6 25. Rcd1 Rxh4 26. Rh1 Rxh1 27. Rxh1 h4
28. Rxh4 Bc1 29. a4 Rg8 30. Qh5 Ka7 31. Qf7 Rd8 32. Rh7 Qc7 33. Qxe7 Qb6 34. Na2
Ba3 35. a5 1-0

[Event "Titled Tue 1st Jul Early"]
[Site "chess.com INT"]
[Date "2025.07.01"]
[Round "6"]
[White "Harriott, Tyrell"]
[Black "Subramanian, Anusha"]
[Result "0-1"]
[BlackTitle "WFM"]
[WhiteElo "1933"]
[BlackElo "2045"]
[WhiteFideId "2086484"]
[BlackFideId "477710"]
[EventDate "2025.07.01"]

1. d4 Nf6 2. e3 e6 3. Bd3 d5 4. f4 c5 5. c3 a6 6. Nf3 Nc6 7. Nbd2 b5 8. Ne5 Bb7
9. O-O Bd6 10. Qf3 O-O 11. g4 Nd7 12. Qh3 g6 13. Qh6 Bxe5 14. fxe5 f5 15. Nf3
Re8 16. Ng5 Qe7 17. Bd2 Qg7 18. Qh4 c4 19. Bc2 a5 20. Rf2 b4 21. Kh1 Ncxe5 22.
dxe5 d4+ 23. Kg1 d3 24. Bd1 Nxe5 25. cxb4 h6 26. Nh3 Be4 27. Bc3 axb4 28. Bxb4
g5 29. Qh5 fxg4 30. Bxg4 Bg6 31. Bc3 Bxh5 32. Bxh5 Rf8 33. Raf1 Rxf2 34. Nxf2
Rxa2 35. Ng4 Qb7 36. Nxe5 d2 37. Bxd2 Rxb2 38. Bc3 Qg2# 0-1

[Event "Titled Tue 1st Jul Early"]
[Site "chess.com INT"]
[Date "2025.07.01"]
[Round "6"]
[White "Dyulgerov, Volen"]
[Black "Rubio, Lloyd"]
[Result "0-1"]
[WhiteTitle "CM"]
[WhiteElo "2181"]
[BlackElo "2167"]
[WhiteFideId "2918978"]
[BlackFideId "5210453"]
[EventDate "2025.07.01"]

1. e4 e5 2. d4 exd4 3. c3 d3 4. Bxd3 Nc6 5. Ne2 Nf6 6. c4 g6 7. Nbc3 Bg7 8. O-O
O-O 9. f4 d6 10. h3 Re8 11. Be3 b6 12. Rc1 Bb7 13. a3 Nd7 14. b4 f5 15. c5 bxc5
16. Bc4+ Kh8 17. bxc5 Nxc5 18. e5 Ne4 19. Nxe4 fxe4 20. e6 Ne7 21. f5 Nxf5 22.
Rxf5 gxf5 23. Nf4 Be5 24. Qh5 Qf6 25. Bd5 Bxf4 26. Bxf4 Bxd5 27. Rxc7 Qg6 28.
Qd1 Bxe6 29. Qd4+ Kg8 30. Bxd6 f4 31. h4 f3 32. Kf1 Qxg2+ 33. Ke1 Qe2# 0-1

[Event "Titled Tue 1st Jul Early"]
[Site "chess.com INT"]
[Date "2025.07.01"]
[Round "6"]
[White "Bukreev, Stanislav"]
[Black "Tica, Sven"]
[Result "0-1"]
[WhiteTitle "FM"]
[BlackTitle "IM"]
[WhiteElo "2305"]
[BlackElo "2442"]
[WhiteFideId "34252347"]
[BlackFideId "14526948"]
[EventDate "2025.07.01"]

1. d4 g6 2. c4 Bg7 3. Nf3 d6 4. Nc3 Nd7 5. e4 e5 6. Be2 Ne7 7. O-O O-O 8. Re1 h6
9. Rb1 Nc6 10. d5 Ne7 11. b4 f5 12. a4 Nf6 13. Nd2 f4 14. a5 g5 15. c5 g4 16. f3
h5 17. Nc4 g3 18. hxg3 fxg3 19. cxd6 cxd6 20. Nb5 Ne8 21. Bg5 Bf6 22. Qd2 Ng6
23. Bxf6 Qxf6 24. Qh6 Rf7 25. f4 Nxf4 26. Qxf6 Rxf6 27. Rbc1 Bd7 28. Nba3 Kf7
29. Ne3 Ke7 30. b5 Rg6 31. b6 axb6 32. Nac4 b5 33. Nb6 Rxa5 34. Nf5+ Bxf5 35.
exf5 Rg5 36. Bf3 h4 37. Rc8 Ra6 38. f6+ Kf7 39. Nd7 h3 40. gxh3 Nxh3+ 41. Kg2
Ra2+ 42. Be2 Nf4+ 43. Kf3 g2 44. Rg1 Nxe2 45. Rb8 Nd4+ 46. Ke4 Re2+ 47. Kd3 Rg3# 0-1

[Event "Titled Tue 1st Jul Early"]
[Site "chess.com INT"]
[Date "2025.07.01"]
[Round "6"]
[White "Dann, Matthias"]
[Black "Dambaev, Dashi"]
[Result "1-0"]
[WhiteTitle "IM"]
[BlackTitle "CM"]
[WhiteElo "2434"]
[BlackElo "2142"]
[WhiteFideId "24638056"]
[BlackFideId "55628494"]
[EventDate "2025.07.01"]

1. e4 c5 2. Nf3 d6 3. d4 cxd4 4. Nxd4 Nf6 5. Nc3 g6 6. Be3 Bg7 7. f3 O-O 8. Bc4
Nc6 9. Qd2 Bd7 10. O-O-O Rc8 11. Be2 Nxd4 12. Bxd4 Qa5 13. Kb1 Rfd8 14. h4 b5
15. Bxf6 Bxf6 16. Nd5 Qxd2 17. Nxf6+ Kg7 18. Nh5+ Kh6 19. Rxd2 Kxh5 20. g4+ Kh6
21. e5 Bc6 22. Rhd1 Re8 23. exd6 exd6 24. Rf1 Re3 25. Kc1 Kg7 26. Rf2 d5 27. Rd4
a5 28. Kd2 Re7 29. a3 h6 30. Bd3 g5 31. h5 Rce8 32. Re2 Rxe2+ 33. Bxe2 f5 34.
gxf5 Kf6 35. Bd3 Ke5 36. c3 Bd7 37. b3 Rb8 38. Ke3 Re8 39. f4+ Kf6+ 40. Kf3 gxf4
41. Kxf4 Re1 42. Rxd5 1-0

[Event "Titled Tue 1st Jul Early"]
[Site "chess.com INT"]
[Date "2025.07.01"]
[Round "6"]
[White "Troltenier, Dirk"]
[Black "Donoso Aguirre, Maximiliano"]
[Result "0-1"]
[WhiteTitle "FM"]
[BlackTitle "CM"]
[WhiteElo "2174"]
[BlackElo "2050"]
[WhiteFideId "4606400"]
[BlackFideId "3458920"]
[EventDate "2025.07.01"]

1. e4 e5 2. Nf3 Nc6 3. Bb5 a6 4. Ba4 Nf6 5. O-O Be7 6. Re1 O-O 7. Bxc6 dxc6 8.
Nxe5 Re8 9. Nf3 Bg4 10. h3 Bh5 11. d3 h6 12. Nbd2 Bc5 13. Nf1 Qd7 14. Ng3 Bg6
15. Nh4 Bh7 16. Qf3 Nd5 17. Re2 Nb6 18. Bd2 Rad8 19. Bc3 Bd4 20. Nhf5 Bxc3 21.
bxc3 Bxf5 22. Nxf5 Kh7 23. Rae1 Qe6 24. a3 Qa2 25. d4 Qxa3 26. Qg4 g6 27. Qf4
gxf5 28. Qxf5+ Kg8 29. Re3 Qd6 30. e5 Qe6 31. Qf4 Nd5 32. Rg3+ Kf8 33. Qf3 Ke7
34. c4 Nb6 35. Qd3 Qxc4 36. Rf3 Qxd3 37. Rxd3 Rd5 38. Rb1 Red8 39. c3 c5 40. c4
Rxd4 0-1

[Event "Titled Tue 1st Jul Early"]
[Site "chess.com INT"]
[Date "2025.07.01"]
[Round "6"]
[White "Chigaev, Maksim"]
[Black "Yaksin, Oleg"]
[Result "1-0"]
[WhiteTitle "GM"]
[BlackTitle "FM"]
[WhiteElo "2628"]
[BlackElo "2393"]
[WhiteFideId "4108116"]
[BlackFideId "24105880"]
[EventDate "2025.07.01"]

1. e4 c5 2. Nf3 d6 3. c3 Nf6 4. Be2 g6 5. O-O Bg7 6. Bb5+ Bd7 7. Bxd7+ Qxd7 8.
Qe2 O-O 9. d4 Nc6 10. Rd1 Qc7 11. h3 Nd7 12. Be3 Rab8 13. Nbd2 b5 14. Rac1 Rfc8
15. a3 a5 16. Nf1 b4 17. axb4 axb4 18. Ng3 bxc3 19. bxc3 Na5 20. Rb1 Nb3 21. h4
h6 22. h5 g5 23. Nf5 Bf8 24. d5 Nf6 25. c4 e6 26. dxe6 fxe6 27. Ng3 Bg7 28. Qd3
Na5 29. Rxb8 Qxb8 30. e5 dxe5 31. Qg6 Qc7 32. Bxg5 Qf7 33. Bxf6 Qxg6 34. hxg6
Bxf6 35. Nh5 Bg7 36. Rd7 Bh8 37. g7 Nxc4 38. Nf6# 1-0

[Event "Titled Tue 1st Jul Early"]
[Site "chess.com INT"]
[Date "2025.07.01"]
[Round "6"]
[White "Laptii, Nazar"]
[Black "Bozorov, Javohir"]
[Result "0-1"]
[WhiteTitle "FM"]
[BlackTitle "FM"]
[WhiteElo "2208"]
[BlackElo "2039"]
[WhiteFideId "14174332"]
[BlackFideId "14216957"]
[EventDate "2025.07.01"]

1. e4 c5 2. Nf3 d6 3. d4 cxd4 4. Nxd4 Nf6 5. Nc3 a6 6. Be3 e5 7. Nf3 Qc7 8. Be2
h6 9. O-O Be6 10. h3 Be7 11. a4 O-O 12. a5 Nbd7 13. Nd5 Nxd5 14. exd5 Bf5 15. c4
Bh7 16. b4 f5 17. Bc1 f4 18. Nd2 e4 19. f3 Bf6 20. Ra3 e3 21. Ne4 Bxe4 22. fxe4
Be5 23. Ra2 Nf6 24. Qd3 g5 25. Rc2 Rac8 26. c5 dxc5 27. bxc5 Qxa5 28. Ba3 Rfd8
29. Rb1 Qa4 30. Rb4 Qd7 31. Rb6 Qh7 32. Re6 Re8 33. Rxe8+ Rxe8 34. Bf3 h5 35. d6
g4 36. Qc4+ Kh8 37. Be2 gxh3 38. Bf3 Rg8 39. Kh1 Qg7 40. Qe6 Qg5 41. Qf5 hxg2+
42. Rxg2 Qh4+ 43. Kg1 Qf2+ 44. Kh2 Qh4+ 45. Kg1 Qf2+ 46. Kh2 Rxg2+ 47. Bxg2 f3+ 0-1

[Event "Titled Tue 1st Jul Early"]
[Site "chess.com INT"]
[Date "2025.07.01"]
[Round "6"]
[White "Alonso Rosell, Alvar"]
[Black "Zhigalko, Sergei"]
[Result "0-1"]
[WhiteTitle "GM"]
[BlackTitle "GM"]
[WhiteElo "2536"]
[BlackElo "2572"]
[WhiteFideId "2270544"]
[BlackFideId "13502956"]
[EventDate "2025.07.01"]

1. Nf3 d5 2. e3 Nf6 3. c4 e6 4. Nc3 Bd6 5. b3 O-O 6. Bb2 Re8 7. Nb5 Be7 8. Be5
Na6 9. Qc2 c6 10. Nc3 Nb4 11. Qb1 c5 12. Nb5 Nc6 13. Bc7 Qd7 14. Bg3 Rd8 15. Bc7
Rf8 16. Ne5 Nxe5 17. Bxe5 a6 18. Nc3 d4 19. exd4 cxd4 20. Ne2 Ng4 21. Bxd4 e5
22. h3 exd4 23. hxg4 g6 24. Qe4 Re8 25. Qd3 Qxg4 26. f3 Qg5 27. g4 Bd6 28. O-O-O
b5 29. Nxd4 bxc4 30. Qc2 cxb3 31. axb3 Qf6 32. Qb2 Be5 33. Bc4 Bxd4 34. Qa3 Be6 0-1

[Event "Titled Tue 1st Jul Early"]
[Site "chess.com INT"]
[Date "2025.07.01"]
[Round "6"]
[White "Gelman, Alexander"]
[Black "Yalcinkaya, Efe"]
[Result "1-0"]
[WhiteTitle "IM"]
[BlackTitle "CM"]
[WhiteElo "2403"]
[BlackElo "2225"]
[WhiteFideId "4118316"]
[BlackFideId "44506619"]
[EventDate "2025.07.01"]

1. d4 Nf6 2. Nc3 d5 3. Bf4 g6 4. e3 Bg7 5. Qd2 O-O 6. f3 c5 7. g4 Nc6 8. O-O-O
Qa5 9. Kb1 Be6 10. h4 cxd4 11. exd4 h5 12. Nh3 hxg4 13. Ng5 Bf5 14. h5 Rfc8 15.
hxg6 Bxg6 16. a3 Nh5 17. fxg4 Nxf4 18. Qxf4 Nxd4 19. Bd3 Qb6 20. Bxg6 Qxg6 21.
Rxd4 e5 22. Nxd5 exf4 23. Ne7+ Kf8 24. Nxg6+ fxg6 25. Rxf4+ Ke8 26. Re1+ Kd7 27.
Rf7+ Kc6 28. Re6+ Kd5 29. Rxg7 Re8 30. Rxe8 Rxe8 31. Rxb7 Re1+ 32. Ka2 Rg1 33.
Rxa7 Rxg4 34. Ra5+ Kc6 35. Ne6 Rg2 36. Rg5 Re2 37. Nd4+ 1-0

[Event "Titled Tue 1st Jul Early"]
[Site "chess.com INT"]
[Date "2025.07.01"]
[Round "6"]
[White "Shapiro, Daniel"]
[Black "Milanovic, Vojislav"]
[Result "0-1"]
[WhiteTitle "FM"]
[BlackTitle "IM"]
[WhiteElo "2284"]
[BlackElo "2293"]
[WhiteFideId "2001780"]
[BlackFideId "905046"]
[EventDate "2025.07.01"]

1. d4 e6 2. Nf3 c5 3. e3 Nf6 4. b3 b6 5. Bb2 Bb7 6. g3 cxd4 7. exd4 Bb4+ 8. c3
Be7 9. Bg2 O-O 10. O-O d6 11. Nbd2 Nbd7 12. Re1 Rc8 13. Rc1 a6 14. Nf1 Qc7 15.
c4 Rfe8 16. Ne3 Bf8 17. h4 h6 18. Nh2 Qb8 19. Nhg4 Bxg2 20. Nxg2 d5 21. Nxf6+
Nxf6 22. Nf4 Bb4 23. Re2 Bd6 24. Nd3 dxc4 25. bxc4 Be7 26. Ne5 Qb7 27. Kh2 Nd7
28. f4 Nxe5 29. fxe5 Qf3 30. Qf1 Qxf1 31. Rxf1 Rxc4 32. Ref2 Rf8 33. Kh3 Bb4 34.
g4 Bc3 35. Rc2 Rfc8 36. Rfc1 Rxd4 37. Rxc3 Rcd8 38. Rf1 Rd3+ 39. Rf3 Rd2 40. Ba3
R2d7 41. Bd6 b5 42. Rc6 Ra8 43. Ra3 a5 44. Bc7 Rc8 45. Rac3 b4 46. R3c5 Rd3+ 47.
Kg2 Rd2+ 48. Kf3 Rxa2 49. Bd6 Rxc6 50. Rxc6 b3 51. Rb6 a4 52. Ke3 Rg2 53. Rb8+
Kh7 54. Rb4 a3 55. Rxb3 Rg3+ 56. Kd4 Rxb3 57. Kc4 Rh3 0-1

[Event "Titled Tue 1st Jul Early"]
[Site "chess.com INT"]
[Date "2025.07.01"]
[Round "6"]
[White "Reprintsev, Alexander"]
[Black "Cuenca Jimenez, Jose Fernando"]
[Result "0-1"]
[WhiteTitle "IM"]
[BlackTitle "GM"]
[WhiteElo "2256"]
[BlackElo "2477"]
[WhiteFideId "14100541"]
[BlackFideId "2255570"]
[EventDate "2025.07.01"]

1. e4 c5 2. b3 g6 3. Bb2 Nf6 4. Nc3 Bg7 5. e5 Ng8 6. f4 Nc6 7. Nf3 d5 8. d4 Nh6
9. dxc5 e6 10. Nb5 O-O 11. Nd6 Qa5+ 12. Qd2 Qxc5 13. O-O-O Nf5 14. Nxf5 exf5 15.
Qxd5 Qb6 16. Ba3 Rd8 17. Qc5 Rxd1+ 18. Kxd1 Qc7 19. Bc4 Be6 20. Bxe6 fxe6 21.
Qe3 Rc8 22. Qe2 Qa5 23. Bd6 Qxa2 24. Qd2 Bf8 25. Ke2 Rd8 26. Rd1 Qa6+ 27. Kf2
Qb6+ 28. Kg3 Nb4 29. Ng5 Bxd6 30. exd6 Nd5 31. Nxe6 Rxd6 32. Ng5 h6 33. Nf3 Nf6
34. Qe1 Ne4+ 35. Kh4 Rxd1 36. Qxd1 Qf6+ 37. Ng5 hxg5+ 0-1

[Event "Titled Tue 1st Jul Early"]
[Site "chess.com INT"]
[Date "2025.07.01"]
[Round "6"]
[White "Bruhovich, Olexandr"]
[Black "Shahinyan, Vladimir"]
[Result "1/2-1/2"]
[WhiteTitle "CM"]
[BlackTitle "CM"]
[WhiteElo "2208"]
[BlackElo "2182"]
[WhiteFideId "14119919"]
[BlackFideId "13314599"]
[EventDate "2025.07.01"]

1. e4 c6 2. d4 d5 3. exd5 cxd5 4. Bd3 Nc6 5. c3 Nf6 6. Bg5 Ne4 7. Bh4 Bf5 8. Nd2
Nxf2 9. Bxf2 Bxd3 10. Qb3 Na5 11. Qa4+ b5 12. Qd1 e6 13. Nb3 Be4 14. Nf3 Nc4 15.
Qe2 Bd6 16. O-O O-O 17. Nbd2 f5 18. b3 Nxd2 19. Nxd2 Qc7 20. Nxe4 Bxh2+ 21. Kh1
fxe4 22. Qxb5 Rf6 23. Be3 Bf4 24. Bxf4 Rxf4 25. Rxf4 Qxf4 26. Rf1 Qd6 27. Qb7
Rf8 28. Rxf8+ Qxf8 29. Qxa7 Qf1+ 30. Kh2 h6 31. Qb8+ Kh7 32. Qe5 Qf2 33. Qxe6 e3
34. Qxd5 e2 35. Qe4+ Kg8 36. Qe8+ Kh7 37. Qe4+ Kg8 38. Qe8+ Kh7 39. Qe4+ 1/2-1/2

[Event "Titled Tue 1st Jul Early"]
[Site "chess.com INT"]
[Date "2025.07.01"]
[Round "6"]
[White "Weerasekara, Dishal Nimsara"]
[Black "Keatinge-Clay, Adrian"]
[Result "0-1"]
[WhiteTitle "FM"]
[BlackTitle "FM"]
[WhiteElo "2104"]
[BlackElo "2232"]
[WhiteFideId "9997431"]
[BlackFideId "2011867"]
[EventDate "2025.07.01"]

1. c4 e5 2. Nc3 Bb4 3. Nf3 d6 4. g3 Bxc3 5. bxc3 Nc6 6. Bg2 Nge7 7. O-O b6 8. d3
O-O 9. e4 f6 10. Nh4 Be6 11. f4 exf4 12. gxf4 f5 13. exf5 Bxf5 14. Nxf5 Rxf5 15.
Be4 Rf6 16. f5 h6 17. Kh1 Qd7 18. Qg4 Raf8 19. Bd2 Nxf5 20. Bxh6 Ne5 21. Bxf5
Nxg4 22. Bxd7 Rxf1+ 23. Rxf1 Rxf1+ 24. Kg2 Ra1 25. Bg5 Nf6 26. Be6+ Kf8 27. Kg3
Ke7 28. Bf5 Rxa2 29. h4 Rc2 30. h5 Rxc3 31. Kf4 Rc1 32. Bg6 Rf1+ 33. Ke3 a5 34.
Ke2 Rh1 35. Be4 Rh2+ 36. Ke3 Rxh5 0-1

[Event "Titled Tue 1st Jul Early"]
[Site "chess.com INT"]
[Date "2025.07.01"]
[Round "6"]
[White "Hayrapetyan, Edgar"]
[Black "Onyshchuk, Volodymyr"]
[Result "0-1"]
[WhiteTitle "FM"]
[BlackTitle "GM"]
[WhiteElo "2161"]
[BlackElo "2607"]
[WhiteFideId "13313568"]
[BlackFideId "14114038"]
[EventDate "2025.07.01"]

1. e4 d6 2. d4 Nf6 3. Nc3 g6 4. Be3 c6 5. f3 b5 6. Qd2 b4 7. Nce2 a5 8. h4 Nbd7
9. Nh3 Nb6 10. b3 Bg7 11. Bh6 Bxh6 12. Qxh6 Qc7 13. Nhf4 c5 14. Rd1 Bd7 15. h5
Rg8 16. hxg6 hxg6 17. Qg5 cxd4 18. Nxd4 Qc3+ 19. Kf2 a4 20. Bb5 axb3 21. axb3
Rc8 22. Bxd7+ Nfxd7 23. Rd3 Qc5 24. Qxc5 Nxc5 25. Rd2 e5 26. Nb5 exf4 27. Nxd6+
Ke7 28. Nxc8+ Rxc8 29. Ra1 Rc7 30. Ra5 Nbd7 31. Rb5 Ne6 32. Rxb4 Ne5 33. Rb5 f6
34. Rbd5 g5 35. c4 g4 36. fxg4 Nc5 37. Re2 Nxb3 38. g5 Rxc4 39. gxf6+ Kxf6 40.
Rd6+ Ke7 41. Rd5 Ke6 42. Rb2 Rc3 43. Ra2 Nc5 44. Rd4 Ng4+ 45. Kf1 Nf6 46. Rb4
Nfxe4 47. Rd4 Ke5 48. Rb4 Rc1+ 49. Ke2 Nc3+ 0-1

[Event "Titled Tue 1st Jul Early"]
[Site "chess.com INT"]
[Date "2025.07.01"]
[Round "6"]
[White "Zhakshylykov, Erzhan"]
[Black "Flynn, Jacob"]
[Result "0-1"]
[WhiteTitle "IM"]
[BlackTitle "CM"]
[WhiteElo "2362"]
[BlackElo "2275"]
[WhiteFideId "13804111"]
[BlackFideId "2509393"]
[EventDate "2025.07.01"]

1. e4 e5 2. Nf3 Nc6 3. Bc4 Nf6 4. d3 Bc5 5. c3 a6 6. Bg5 h6 7. Bh4 d6 8. Nbd2
Ba7 9. a4 Qe7 10. O-O Be6 11. b3 O-O 12. Re1 Bxc4 13. bxc4 Qe6 14. a5 Ne7 15.
Rb1 Rab8 16. Bg3 Ng6 17. h3 Rfe8 18. d4 Nh5 19. Bh2 Nhf4 20. Qc2 Qf6 21. Re3 Kh7
22. Rd1 Ne6 23. Nb3 Rbd8 24. Qe2 Nef4 25. Qf1 Ne6 26. g3 Kg8 27. h4 Ngf8 28.
Red3 Nd7 29. Qh3 h5 30. Qf5 g6 31. Qxf6 Nxf6 32. dxe5 dxe5 33. Rxd8 Rxd8 34.
Rxd8+ Nxd8 35. Nbd2 Nd7 36. g4 f6 37. g5 fxg5 38. hxg5 Nc6 39. Nb3 Kf7 40. Kg2
Ke6 41. Bg3 Nc5 42. Nxc5+ Bxc5 43. Nh4 Kf7 44. Nf3 Bd6 45. c5 Bxc5 46. Nxe5+
Nxe5 47. Bxe5 c6 48. f4 Ke6 49. Bd4 Bd6 50. Kf3 c5 51. Be3 Bc7 52. Bxc5 Bxa5 53.
c4 Bd2 54. Be3 Bxe3 55. Kxe3 a5 56. f5+ gxf5 57. g6 fxe4 0-1

[Event "Titled Tue 1st Jul Early"]
[Site "chess.com INT"]
[Date "2025.07.01"]
[Round "6"]
[White "Kozak, Adam"]
[Black "Amangeldy, Ernur"]
[Result "1-0"]
[WhiteTitle "GM"]
[BlackTitle "FM"]
[WhiteElo "2589"]
[BlackElo "2195"]
[WhiteFideId "753246"]
[BlackFideId "13720244"]
[EventDate "2025.07.01"]

1. a3 g6 2. h4 h5 3. e4 Bg7 4. d4 d5 5. exd5 Qxd5 6. Nf3 Bg4 7. Nc3 Qd6 8. Nb5
Qd7 9. Bf4 Na6 10. Qd3 c6 11. Nc3 Bf5 12. Qd2 Nf6 13. Ne5 Qe6 14. Bc4 Nd5 15.
Nxd5 cxd5 16. Bb5+ Kf8 17. Bd7 Qf6 18. O-O Rd8 19. Bg5 Qd6 20. Bxf5 gxf5 21. Bf4
Bxe5 22. Bxe5 Qh6 23. Qd3 Rg8 24. Qxf5 Nb8 25. Bxb8 Rxb8 26. Qxd5 Rg4 27. g3 Qf6
28. Qe5 Qxe5 29. dxe5 b5 30. c3 a5 31. Rfd1 b4 32. cxb4 axb4 33. a4 Re4 34. Rd5
b3 35. a5 Re2 36. Rb1 e6 37. Rc5 Rc2 38. Rc3 Re2 39. a6 Rxe5 40. Ra1 Reb5 41. a7
Ra8 42. Rc7 Kg7 43. Ra4 Rb6 44. Rf4 Ra6 45. Rfxf7+ Kg6 46. Rg7+ Kf6 47. Rb7 Ra2
48. Rh7 Kf5 49. Rxb3 R8xa7 50. Rb5+ Kg4 51. Rxa7 Rxa7 52. Kg2 1-0